बनफूल की कहानियां / (Record no. 116258)

MARC details
000 -LEADER
fixed length control field 01073nam a22002777a 4500
003 - CONTROL NUMBER IDENTIFIER
control field dpl
005 - DATE AND TIME OF LATEST TRANSACTION
control field 20180827150757.0
008 - FIXED-LENGTH DATA ELEMENTS--GENERAL INFORMATION
fixed length control field 180827b xxu||||| |||| 00| 0 eng d
010 ## - LIBRARY OF CONGRESS CONTROL NUMBER
LC control number B-235176
020 ## - INTERNATIONAL STANDARD BOOK NUMBER
International Standard Book Number 817882034
Terms of availability 200.00
035 ## - SYSTEM CONTROL NUMBER
System control number B-235176, B-074093
037 ## - SOURCE OF ACQUISITION
Source of stock number/acquisition Cen Lib/Ret
040 ## - CATALOGING SOURCE
Original cataloging agency DPL
Language of cataloging HN
Transcribing agency 0
082 ## - DEWEY DECIMAL CLASSIFICATION NUMBER
Classification number
Item number बनफूल
100 ## - MAIN ENTRY--PERSONAL NAME
Personal name बनफूल
9 (RLIN) 6954
245 ## - TITLE STATEMENT
Title बनफूल की कहानियां /
Statement of responsibility, etc बनफूल
246 ## - VARYING FORM OF TITLE
Title proper/short title Banphool ki kahaniyan
Remainder of title by Banphool
260 ## - PUBLICATION, DISTRIBUTION, ETC. (IMPRINT)
Place of publication, distribution, etc दिल्ली
Name of publisher, distributor, etc सुरेन्द्रकुमार एंड संस
Date of publication, distribution, etc 2007
270 ## - ADDRESS
Address 30/21-ए , गली न. 9,विश्वास नगर शाहदरा
City दिल्ली
Postal code 110032
300 ## - PHYSICAL DESCRIPTION
Extent 144पृष्ठ.
Dimensions 20सेमी(सजिल्द)
650 ## - SUBJECT ADDED ENTRY--TOPICAL TERM
Topical term or geographic name as entry element हिंदी साहित्य
9 (RLIN) 65617
650 ## - SUBJECT ADDED ENTRY--TOPICAL TERM
Topical term or geographic name as entry element हिंदी कहानी
9 (RLIN) 65618
650 ## - SUBJECT ADDED ENTRY--TOPICAL TERM
Topical term or geographic name as entry element Hindi literature
9 (RLIN) 65619
650 ## - SUBJECT ADDED ENTRY--TOPICAL TERM
Topical term or geographic name as entry element Hindi Story
9 (RLIN) 43117
942 ## - ADDED ENTRY ELEMENTS (KOHA)
Source of classification or shelving scheme Dewey Decimal Classification
Koha item type Hindi Books
Classification part
Call number suffix बनफूल
Holdings
Withdrawn status Lost status Damaged status Not for loan Home library Current library Date acquired Source of acquisition Cost, normal purchase price Total Checkouts Full call number Barcode Date last seen Copy number Cost, replacement price Price effective from Koha item type Source of classification or shelving scheme Materials specified (bound volume or other part) Collection code
        Central Library Central Library 24/08/2015 Cen Lib /Ret 200.00   क बनफूल B-235176 24/08/2015 1 200.00 24/08/2015 Hindi Books      
        Patel Nagar Patel Nagar 27/08/2018 BPPD/PUB 200.00   क बनफूल B-074093 27/08/2018   200.00 27/08/2018 Hindi Books Dewey Decimal Classification भाग -3 Fiction

© Delhi Public Library
Hit Counter
free hit counter